000 00462nam a22001817a 4500
003 OSt
005 20260129045303.0
008 260129b |||||||| |||| 00| 0 eng d
020 _a971-92574-1-5
040 _aDWCL-Main Lib
_cOC
082 _aProf. 899.211 On58 2003
100 _aOng, Bob
245 _aAlamat ng gubat
260 _aPasay City :
_bVisprint, Inc.,
_cc2003
300 _c18 cm.
650 _aFilipino literature
942 _2ddc
_cPROF.
_mProf.
_n0
999 _c7962
_d7962